Pays ayant la plus haute altitude moyenne - Statistiques

Statistiques générales
  • Ce quiz a été pris 26 808 fois
  • Le résultat moyen est 11 sur 20
Statistiques - réponses
Altitude moyenne Pays % Correct
3265 m Népal
90%
1840 m Chine
82%
1871 m Chili
81%
1555 m Pérou
80%
1350 m Suisse
80%
3280 m Bhoutan
71%
1192 m Bolivie
70%
1528 m Mongolie
67%
1884 m Afghanistan
57%
3186 m Tadjikistan
53%
2988 m Kirghizistan
51%
1996 m Andorre
49%
1305 m Iran
46%
1432 m Géorgie
44%
1792 m Arménie
43%
1598 m Rwanda
26%
1330 m Éthiopie
25%
1504 m Burundi
23%
2161 m Lesotho
21%
1250 m Liban
14%
Aucun quiz correspondant
Distribution des résultats
% des personnes avec chaque résultat
Percentile par nombre de réponses
Votre historique - résultats
Vous n’avez pas pris ce quiz